000
00301nam a2200109Ia 4500
008
231011s9999 xx 000 0 und d
041
_a
eng
100
_a
Taylor and Steward
245
_a
Handbook of Financial Sales & Marketing Management
260
_b
Cassell Educational Ltd,London -
365
_b
777
999
_c
885580
_d
885580